000 01346nam a22003137a 4500
999 _c23436
_d23436
003 AR-CdUCM
008 260108b2024 pe ||||| |||| 00| 0 spa d
020 _a978-612-4236-48-8
040 _aMUNICIPALIDAD PROVINCIAL DEL CUSCO
_cBIBLIOTECA MUNICIPAL DEL CUSCO
041 _hspa
082 _a306.6 /
_bC513
100 _aChacón Málaga, Hugo.
_947630
245 _aSabiduría filosófica del Yawar Mayu :
260 _aCusco
_bUniversidad Nacional San Antonio Abad del Cusco.
_c2024
300 _a341 Páginas. :
_c17 x 24cm.
505 _aPasado y presente -- Bases de interpretación de la civilización andina -- Espacio-tiempo helicoide -- Rostros y permanencia del espacio-tiempo -- Mito y magia -- Nuevo orden civilizatorio -- Orientaciones ideológicas -- El modelo de desarrollo -- Aspectos programáticos -- Sabiduría del Yawar Mayu....
650 _aAntagonismo en nuestra sociedad
_951948
650 _aEl pensamiento mítico
_951949
650 _aLa pluralidad cultural
_951950
650 _aLa constelación Qollqa
_951951
650 _aEl presente extenso
_951952
650 _aEl relato del Qoricancha
_951953
650 _aLos Ceques
_951954
650 _aLas expropiaciones de occidente
_951955
650 _aYawar Mayu
_951956
856 _fwww.unsaac.edu.pe
942 _2ddc
_cLIBROS
945 _ajmcs
_d31/12/2025